| 000 | 00524nam a22001695i 4500 | ||
|---|---|---|---|
| 001 | 163617 | ||
| 003 | ES-MaACL | ||
| 005 | 20250816063147.0 | ||
| 008 | 940301s1871 sp |||| | spa d | ||
| 040 |
_aAS _bspa |
||
| 100 | 1 |
_aRobert, Roberto, _d1827-1873 _997814 |
|
| 245 | 1 | 3 |
_aLa espumadera de los siglos / _cpor Roberto Robert. |
| 260 |
_aMadrid : _b[s.n.], _c1871 ( _fImprenta a cargo de J.E. Morete) |
||
| 300 |
_a347 p. ; _c23 cm. |
||
| 852 |
_aES-MaACL _jG-4791 _z-- Enc. hol. |
||
| 999 |
_c163617 _d163617 |
||